| 000 | 00649cam a2200193La 4500 | ||
|---|---|---|---|
| 020 | _a0585374716 (electronic bk.) | ||
| 082 | 0 | 4 |
_a005.369 _bNAP |
| 100 | 1 |
_aNapier, alber.H: _947858 |
|
| 245 | 1 | 0 |
_aMicrosoft Office 2000 _bdeployment and administration / _cBill Camarda. |
| 260 |
_aIndianapolis, Ind. : _bQue, _cc2000. |
||
| 300 |
_axxxi, 1310 p. : _bill. ; _c23 cm. |
||
| 500 | _aIncludes index. | ||
| 526 |
_a0 _b0 _c0 _d005_369000000000000_NAP |
||
| 650 | 0 |
_aBusiness _xComputer programs. _919731 |
|
| 650 | 0 |
_aMCE _9379 |
|
| 710 | 2 |
_aNetLibrary, Inc. _935918 |
|
| 856 | 4 | _uhttp://www.columbia.edu/cgi-bin/cul/resolve?clio4250524 | |
| 942 |
_2ddc _cBK |
||
| 999 |
_c550966 _d550966 |
||